[Event "Calvi Balagne op 06th"]
[Site "Calvi"]
[Date "2009.04.29"]
[Round "3"]
[White "Dubois, Martine"]
[Black "Giudicelli, Lauren"]
[Result "1-0"]
[WhiteElo "2041"]
[BlackElo "1750"]
[PlyCount "59"]
[EventDate "2009.04.28"]
[EventType "swiss"]
[EventRounds "9"]
[EventCountry "FRA"]
[SourceTitle "CBM 130 Extra"]
[Source "ChessBase"]
[SourceDate "2009.07.02"]
[SourceVersion "2"]
[SourceVersionDate "2009.07.15"]
[SourceQuality "1"]

1. e4 e5 2. Nf3 Nc6 3. Nc3 Nf6 4. g3 Bb4 5. Bg2 d6 6. d3 Bg4 7. h3 Bd7 8. 0-0 0-0 9. Bg5 h6 10. Be3 Qc8 11. Kh2 Be6 12. Nh4 Kh7 13. Nd5 Bxd5 14. exd5 Ne7 15. c4 Qd7 16. d4 c6 17. a3 Ba5 18. dxe5 dxe5 19. d6 Nc8 20. c5 Rb8 21. f4 Re8 22. fxe5 Rxe5 23. Bd4 Re6 24. Bxf6 Rxf6 25. Be4+ Kh8 26. Rxf6 gxf6 27. Qh5 Bd2 28. Nf5 Qe6 29. Qg4 Bg5 30. h4 1-0

[Event "Calvi Balagne op 06th"]
[Site "Calvi"]
[Date "2009.04.28"]
[Round "1"]
[White "Koziak, Vitali"]
[Black "Giudicelli, Lauren"]
[Result "1-0"]
[WhiteElo "2475"]
[BlackElo "1750"]
[PlyCount "69"]
[EventDate "2009.04.28"]
[EventType "swiss"]
[EventRounds "9"]
[EventCountry "FRA"]
[SourceTitle "CBM 130 Extra"]
[Source "ChessBase"]
[SourceDate "2009.07.02"]
[SourceVersion "2"]
[SourceVersionDate "2009.07.15"]
[SourceQuality "1"]

1. d4 Nf6 2. Nf3 g6 3. c4 Bg7 4. Nc3 d6 5. Bf4 Bg4 6. g3 0-0 7. Bg2 e6 8. h3 Bxf3 9. Bxf3 Nc6 10. d5 exd5 11. cxd5 Ne7 12. 0-0 Rc8 13. Qd2 Re8 14. Rad1 Rb8 15. e4 Nc8 16. Rfe1 Nd7 17. Bg2 Ncb6 18. Qc2 Re7 19. Bg5 Nf6 20. b3 Qf8 21. Be3 Rbe8 22. Nb5 Ra8 23. f4 Qc8 24. a4 a6 25. Na3 Qe8 26. Bf2 Rc8 27. Rc1 Qd8 28. Bxb6 cxb6 29. Qxc8 Qxc8 30. Rxc8+ Bf8 31. Kf2 Kg7 32. Nc4 Rd7 33. Nxb6 Re7 34. e5 dxe5 35. d6 1-0